[Event "28th Czech Open A 2017"]
[Site "Pardubice CZE"]
[Date "2017.07.23"]
[Round "3.26"]
[White "Erenberg, Ariel"]
[Black "Michalik, Peter"]
[Result "1/2-1/2"]
[WhiteTitle "IM"]
[BlackTitle "GM"]
[WhiteElo "2375"]
[BlackElo "2557"]
[WhiteFideId "2811634"]
[BlackFideId "14907526"]
[EventDate "2017.07.21"]

1. d4 Nf6 2. c4 e6 3. Nf3 d5 4. Nc3 dxc4 5. e4 Bb4 6. Bg5 c5 7. Bxc4 cxd4 8.
Nxd4 Bxc3+ 9. bxc3 Qa5 10. Bxf6 Qxc3+ 11. Kf1 gxf6 12. Rc1 Qa5 13. Bb5+ Ke7 14.
e5 fxe5 1/2-1/2

[Event "28th Czech Open A 2017"]
[Site "Pardubice CZE"]
[Date "2017.07.23"]
[Round "3.27"]
[White "Dvoirys, Semen I."]
[Black "Koykka, Pekka"]
[Result "1-0"]
[WhiteTitle "GM"]
[BlackTitle "FM"]
[WhiteElo "2552"]
[BlackElo "2351"]
[WhiteFideId "4100379"]
[BlackFideId "504319"]
[EventDate "2017.07.21"]

1. e4 c5 2. Nf3 d6 3. d4 cxd4 4. Nxd4 Nf6 5. Nc3 g6 6. Be3 Bg7 7. f3 O-O 8. Qd2
Nc6 9. O-O-O d5 10. Nxc6 bxc6 11. Bh6 Be6 12. Bxg7 Kxg7 13. exd5 cxd5 14. g4 Kg8
15. h4 Rb8 16. h5 Qb6 17. b3 Rfd8 18. hxg6 fxg6 19. Re1 Qd6 20. Nb5 Qa6 21. a4
Qb6 22. a5 Qc5 23. Rxe6 Rxb5 24. Bxb5 Qxb5 25. Rxe7 Qc5 26. Qe3 Qa3+ 27. Kb1 1-0

[Event "28th Czech Open A 2017"]
[Site "Pardubice CZE"]
[Date "2017.07.23"]
[Round "3.28"]
[White "Chekletsov, Ilya"]
[Black "Plat, Vojtech"]
[Result "0-1"]
[WhiteTitle "FM"]
[BlackTitle "IM"]
[WhiteElo "2350"]
[BlackElo "2531"]
[WhiteFideId "24177156"]
[BlackFideId "325740"]
[EventDate "2017.07.21"]

1. d4 d6 2. Nf3 Bg4 3. e4 Nd7 4. h3 Bh5 5. Nc3 e5 6. g4 Bg6 7. Qe2 c6 8. Bg2 Be7
9. Be3 Ngf6 10. Nd2 d5 11. exd5 exd4 12. Bxd4 O-O 13. O-O cxd5 14. Nb3 Re8 15.
Be3 Nb6 16. Rad1 Qc8 17. g5 Ne4 18. Nxd5 Nxd5 19. Rxd5 Nxg5 20. h4 Ne4 21. h5
Bf5 22. Qf3 Nd6 23. Qg3 Rd8 24. Bd4 Ne8 25. Re1 Be6 26. h6 g6 27. Rxd8 Qxd8 28.
Rxe6 fxe6 29. Qe5 Kf7 30. Qh8 e5 31. Qxh7+ Ke6 32. Qg8+ Kf5 33. Bh3+ Kg5 34.
Be3+ Kh4 35. Kh2 Nd6 36. Qe6 Nf5 37. Qxg6 Nxe3 38. fxe3 Bg5 39. Qe6 Qd1 40. Qc4+
Kh5 41. h7 Rh8 42. Bf5 Bxe3 43. Qf7+ Kh4 44. Qf6+ Bg5 45. Qxe5 Qf3 46. Qe1+ Kh5
47. Bd3 Bf4+ 48. Kg1 Qg4+ 49. Kf1 Qh3+ 0-1

[Event "28th Czech Open A 2017"]
[Site "Pardubice CZE"]
[Date "2017.07.23"]
[Round "3.29"]
[White "Demidov, Mikhail"]
[Black "Sochacki, Wojtek"]
[Result "1/2-1/2"]
[WhiteTitle "IM"]
[BlackTitle "FM"]
[WhiteElo "2524"]
[BlackElo "2350"]
[WhiteFideId "4197143"]
[BlackFideId "651389"]
[EventDate "2017.07.21"]

1. Nf3 c5 2. g3 Nc6 3. Bg2 g6 4. O-O Bg7 5. c4 e6 6. Nc3 Nge7 7. d4 cxd4 8. Nb5
d5 9. cxd5 exd5 10. Nbxd4 O-O 11. b3 Bg4 12. Bb2 Qb6 13. Qd2 Rac8 14. Rfd1 Rfe8
15. h3 Bxf3 16. Nxf3 Bxb2 17. Qxb2 Nf5 18. e3 Nce7 19. Nd4 Nd6 20. Ne2 Ne4 21.
Nf4 Qf6 22. Qxf6 Nxf6 23. Nxd5 Nexd5 24. Bxd5 Nxd5 25. Rxd5 Rc2 26. a3 Re6 27.
Rad1 Ra6 28. Rd8+ Kg7 29. R8d7 Rxa3 30. R1d4 Ra6 31. Rf4 Rf6 32. Rxf6 Kxf6 33.
Rxb7 a5 34. g4 Rb2 35. Rb5 Ra2 36. Rb6+ Kg7 37. Ra6 Rb2 38. Rxa5 Rxb3 39. Kg2
Rb1 40. h4 Re1 41. Rd5 Ra1 42. h5 Re1 43. Ra5 Rb1 44. Kg3 Rh1 45. e4 Kh6 46. Ra7
Kg7 47. e5 gxh5 48. g5 Kg6 49. f4 Rb1 50. Ra6+ Kf5 51. Rf6+ Ke4 52. Rxf7 h4+ 53.
Kf2 h3 54. e6 Rb2+ 55. Kg3 Rb3+ 56. Kg4 h5+ 57. gxh6 h2 58. e7 Rb8 59. Rf8 h1=Q 1/2-1/2

[Event "28th Czech Open A 2017"]
[Site "Pardubice CZE"]
[Date "2017.07.23"]
[Round "3.30"]
[White "Cvek, Robert"]
[Black "Gheng, Josef"]
[Result "1/2-1/2"]
[WhiteTitle "GM"]
[BlackTitle "FM"]
[WhiteElo "2516"]
[BlackElo "2347"]
[WhiteFideId "307424"]
[BlackFideId "4618041"]
[EventDate "2017.07.21"]

1. Nf3 Nf6 2. c4 e6 3. Nc3 d5 4. d4 Be7 5. Bg5 c6 6. e3 h6 7. Bh4 Nbd7 8. Rc1 a6
9. cxd5 exd5 10. Qc2 O-O 11. Bd3 Re8 12. O-O Ne4 13. Bxe7 Qxe7 14. Na4 Ng5 15.
Nd2 Nf6 16. Rce1 Qc7 17. f4 Nge4 18. Bxe4 Nxe4 19. Nxe4 Rxe4 20. Nc3 Re7 21. f5
f6 22. e4 dxe4 23. Nxe4 Qd8 24. Qc4+ Kh8 25. Ng3 b5 26. Qc5 Raa7 27. Nh5 Rad7
28. Nf4 Rxe1 29. Rxe1 Rxd4 30. Ne6 Bxe6 31. fxe6 Rd1 32. Qe3 Rxe1+ 33. Qxe1 Qe7
34. Qe4 Qc5+ 35. Kf1 Qc1+ 36. Kf2 Qxb2+ 37. Kg3 Qa3+ 38. Kh4 f5 39. Qxf5 Qe7+
40. Kh3 Kg8 41. Qe4 c5 42. Qa8+ Qf8 43. Qd5 Kh8 1/2-1/2

[Event "28th Czech Open A 2017"]
[Site "Pardubice CZE"]
[Date "2017.07.23"]
[Round "3.31"]
[White "Tate, Alan"]
[Black "Schlosser, Philipp"]
[Result "0-1"]
[WhiteTitle "FM"]
[BlackTitle "GM"]
[WhiteElo "2350"]
[BlackElo "2516"]
[WhiteFideId "2401878"]
[BlackFideId "4600169"]
[EventDate "2017.07.21"]

1. e4 c5 2. Nf3 e6 3. d4 cxd4 4. Nxd4 a6 5. Bd3 Bc5 6. Nb3 Be7 7. Qg4 g6 8. Qe2
d6 9. Nc3 Nd7 10. Bd2 Qc7 11. h3 h5 12. O-O Ngf6 13. Rae1 h4 14. f4 Nh5 15. Rf2
b6 16. Nd4 Bb7 17. e5 Nc5 18. b4 Nxd3 19. Qxd3 Ng3 20. Ndb5 axb5 21. Nxb5 Qd7
22. exd6 Bd8 23. c4 O-O 24. f5 Nxf5 25. Bc3 Bc6 26. Rxf5 exf5 27. Qd4 f6 28.
Qxh4 Rxa2 0-1

[Event "28th Czech Open A 2017"]
[Site "Pardubice CZE"]
[Date "2017.07.23"]
[Round "3.32"]
[White "Debashis, Das"]
[Black "Seger, Ruediger"]
[Result "1-0"]
[WhiteTitle "GM"]
[BlackTitle "IM"]
[WhiteElo "2505"]
[BlackElo "2346"]
[WhiteFideId "5024854"]
[BlackFideId "4617274"]
[EventDate "2017.07.21"]

1. Nf3 Nf6 2. c4 g6 3. b3 Bg7 4. Bb2 O-O 5. g3 c6 6. Bg2 d5 7. O-O Nbd7 8. d3
Re8 9. d4 Ne4 10. Nbd2 Ndf6 11. Rc1 a5 12. Ne5 a4 13. b4 Nd6 14. e3 Be6 15. c5
Nb5 16. g4 Nd7 17. Nd3 f6 18. f4 Bf7 19. Nf3 a3 20. Ba1 b6 21. Rf2 bxc5 22. bxc5
Ra7 23. h4 Qa8 24. Bh3 Ra4 25. g5 Nf8 26. f5 Rc4 27. Rxc4 dxc4 28. Nf4 gxf5 29.
Bxf5 c3 30. Rg2 Kh8 31. Qc2 e5 32. gxf6 Bxf6 33. dxe5 Rxe5 34. Nxe5 Bxe5 35. Bd3
Qa5 36. Bxb5 Qxb5 37. Nd3 1-0

[Event "28th Czech Open A 2017"]
[Site "Pardubice CZE"]
[Date "2017.07.23"]
[Round "3.33"]
[White "Galchenko, Matvey"]
[Black "Kovacevic, Blazimir"]
[Result "0-1"]
[WhiteTitle "FM"]
[BlackTitle "IM"]
[WhiteElo "2336"]
[BlackElo "2499"]
[WhiteFideId "24175480"]
[BlackFideId "14502712"]
[EventDate "2017.07.21"]

1. e4 e6 2. d4 d5 3. Nd2 Nf6 4. e5 Nfd7 5. Bd3 c5 6. c3 Nc6 7. Ne2 a5 8. O-O
cxd4 9. cxd4 Nb6 10. f4 g6 11. Nf3 a4 12. Nc3 Nb4 13. Bb1 Bd7 14. a3 Nc6 15. Bc2
Ne7 16. Rb1 Bc6 17. Be3 Nc4 18. Bf2 Qd7 19. Qe2 h6 20. Ne1 b5 21. Nd3 Qa7 22. g4
Qb6 23. Nb4 Bb7 24. Bd3 h5 25. h3 hxg4 26. hxg4 Nc6 27. Nc2 N6a5 28. Kg2 Be7 29.
Rh1 Kd7 30. Rxh8 Rxh8 31. Bg3 Nb3 32. Qf2 Bc6 33. f5 gxf5 34. gxf5 Qa5 35. f6
Nxb2 36. Bxb5 Bxb5 37. Nxb5 Nd3 38. Qf1 Qd2+ 39. Kf3 Qxc2 40. Qd1 Qxb1 0-1

[Event "28th Czech Open A 2017"]
[Site "Pardubice CZE"]
[Date "2017.07.23"]
[Round "3.34"]
[White "Chernyshov, Konstantin"]
[Black "Mueller, Ralf1"]
[Result "1/2-1/2"]
[WhiteTitle "GM"]
[BlackTitle "FM"]
[WhiteElo "2498"]
[BlackElo "2330"]
[WhiteFideId "4117328"]
[BlackFideId "4606612"]
[EventDate "2017.07.21"]

1. d4 Nf6 2. c4 g6 3. Bg5 Ne4 4. Bf4 Nc6 5. Nf3 Bg7 6. e3 d6 7. Bd3 e5 8. Bxe4
exf4 9. O-O O-O 10. Nc3 fxe3 11. fxe3 Ne7 12. Qb3 c6 13. Rae1 Qa5 14. Re2 Rb8
15. Bd3 Be6 16. Qc2 Bf5 17. a3 Rbe8 18. Bxf5 Nxf5 19. Rfe1 h5 20. Qd3 Qb6 21.
Rd1 Re7 22. e4 Nh6 23. b4 Rfe8 24. h3 Qd8 25. Rde1 f5 26. Kf2 fxe4 27. Rxe4 Nf5
28. g4 hxg4 29. hxg4 Nh4 30. Rxe7 Rxe7 31. Rxe7 Qxe7 32. Ne2 Nxf3 33. Qxf3 Qe6
34. d5 cxd5 35. cxd5 Qe5 36. Nf4 Qd4+ 37. Kf1 Qf6 38. Kg2 Bh6 39. Ne6 Qe5 40.
Qd3 Kh7 41. b5 a6 42. a4 axb5 43. axb5 b6 44. Qc4 Bg7 45. Qd3 Bh6 46. Kh3 Qe3+
47. Qxe3 Bxe3 48. Kg3 Kg8 49. Kf3 Bg1 50. Ng5 Bc5 51. Ne4 Kg7 52. Kf4 Kf7 53.
Nd2 Kf6 54. Nc4 Kf7 55. Nb2 Kf6 56. Nd3 Bg1 57. Ne1 Bh2+ 58. Ke4 Bg1 59. Nf3 Bf2
60. Kf4 Bc5 61. Nd2 Kg7 62. Ne4 Kf7 1/2-1/2

[Event "28th Czech Open A 2017"]
[Site "Pardubice CZE"]
[Date "2017.07.23"]
[Round "3.35"]
[White "Flick, Antoine"]
[Black "Tilicheev, Viacheslav"]
[Result "0-1"]
[WhiteTitle "FM"]
[BlackTitle "FM"]
[WhiteElo "2331"]
[BlackElo "2497"]
[WhiteFideId "26025736"]
[BlackFideId "24114928"]
[EventDate "2017.07.21"]

1. d4 Nf6 2. Nf3 e6 3. c4 d5 4. g3 dxc4 5. Bg2 Bd7 6. Ne5 Bc6 7. Nxc6 Nxc6 8.
O-O Qd7 9. e3 O-O-O 10. Qa4 Nd5 11. Qxc4 h5 12. Nc3 h4 13. Bd2 f5 14. Na4 hxg3
15. hxg3 g5 16. Rfc1 f4 17. e4 Nf6 18. gxf4 Nxd4 19. Be3 b5 20. Qf1 Qh7 21. Qd1
e5 22. fxg5 bxa4 23. Qxa4 Ng4 24. Qa6+ Kd7 25. Qa4+ Ke6 26. Qc4+ Ke7 27. Qxc7+
Rd7 28. Qc5+ Kf7 29. Qc4+ Ne6 30. Rd1 Qh2+ 31. Kf1 Nxe3+ 32. fxe3 Rc7 33. Qb3
Kg7 34. Qxe6 Rf7+ 35. Qf5 Rxf5+ 36. exf5 Rh5 37. Rd7+ Kh8 38. Rad1 Rxg5 39. R1d2
Rxf5+ 40. Rf2 Rxf2+ 41. Kxf2 Qh4+ 0-1

[Event "28th Czech Open A 2017"]
[Site "Pardubice CZE"]
[Date "2017.07.23"]
[Round "3.36"]
[White "Kantor, Gergely"]
[Black "Zarubitski, Viachaslau"]
[Result "1-0"]
[WhiteTitle "IM"]
[BlackTitle "FM"]
[WhiteElo "2481"]
[BlackElo "2314"]
[WhiteFideId "751499"]
[BlackFideId "13509373"]
[EventDate "2017.07.21"]

1. d4 d5 2. c4 c6 3. Nc3 dxc4 4. e4 b5 5. a4 b4 6. Nb1 Nf6 7. e5 Nd5 8. Bxc4 e6
9. Nf3 Be7 10. O-O O-O 11. Qe2 a5 12. Nbd2 Ba6 13. Ne4 h6 14. b3 Qb6 15. g4 Nd7
16. g5 h5 17. Nf6+ gxf6 18. gxf6 N7xf6 19. exf6 Bxf6 20. Kh1 Rfe8 21. Ne5 Re7
22. Rg1+ Bg7 23. Bh6 f6 24. Bxg7 Rxg7 25. Rxg7+ Kxg7 26. Rg1+ 1-0

[Event "28th Czech Open A 2017"]
[Site "Pardubice CZE"]
[Date "2017.07.23"]
[Round "3.37"]
[White "Vogel, Roven"]
[Black "Aliyev, Ravan"]
[Result "1-0"]
[WhiteTitle "IM"]
[WhiteElo "2475"]
[BlackElo "2311"]
[WhiteFideId "12908088"]
[BlackFideId "13409980"]
[EventDate "2017.07.21"]

1. Nf3 Nf6 2. g3 d5 3. Bg2 Bf5 4. O-O e6 5. d3 h6 6. c4 c6 7. cxd5 cxd5 8. Qb3
Qb6 9. Qxb6 axb6 10. Nc3 Bc5 11. b3 Nbd7 12. Bb2 Ke7 13. a3 Bg4 14. h3 Bxf3 15.
Bxf3 Rhc8 16. d4 Bd6 17. Rfc1 g5 18. e3 Rc6 19. Kf1 h5 20. Be2 Rac8 21. Bb5 R6c7
22. Bd3 Ne8 23. e4 dxe4 24. Bxe4 h4 25. Ne2 hxg3 26. Bxb7 Rxc1+ 27. Bxc1 Rc7 28.
Bf3 gxf2 29. Bxg5+ f6 30. Bd2 Ng7 31. Kxf2 Nf5 32. Be4 Nh4 33. a4 Kf7 34. b4 f5
35. Bh1 Rc2 36. Bg5 Ng6 37. a5 bxa5 38. bxa5 Bb8 39. Ke1 Ba7 40. Rb1 Rc7 41. Bd8
Rc8 42. Rb7 Rxd8 43. Rxa7 Kf6 44. a6 e5 45. dxe5+ Ngxe5 46. Rc7 Nc5 47. a7 Ne4
48. Bxe4 fxe4 49. Rb7 Ra8 50. Nd4 Nd3+ 51. Kd2 Nc5 52. Rb6+ Kf7 53. Nb5 1-0

[Event "28th Czech Open A 2017"]
[Site "Pardubice CZE"]
[Date "2017.07.23"]
[Round "3.38"]
[White "Vyskocil, Neklan"]
[Black "Nihal, Sarin"]
[Result "0-1"]
[WhiteTitle "IM"]
[BlackTitle "FM"]
[WhiteElo "2329"]
[BlackElo "2471"]
[WhiteFideId "307106"]
[BlackFideId "25092340"]
[EventDate "2017.07.21"]

1. e4 e6 2. d3 d5 3. Nd2 Nf6 4. Ngf3 b6 5. e5 Nfd7 6. d4 c5 7. c3 Be7 8. Bd3 Ba6
9. Bxa6 Nxa6 10. O-O O-O 11. Re1 b5 12. Nf1 b4 13. Qe2 c4 14. h4 Nc7 15. g3 h6
16. Bf4 a5 17. N1h2 Re8 18. Qe3 Bf8 19. h5 a4 20. a3 bxc3 21. bxc3 Rb8 22. Ng4
Rb3 23. Bxh6 gxh6 24. Nxh6+ Bxh6 25. Qxh6 Qe7 26. Ng5 f5 27. exf6 Nxf6 28. Nxe6
Nxe6 29. Re5 Qg7 30. Qe3 Nc7 31. Re1 Ne4 0-1

[Event "28th Czech Open A 2017"]
[Site "Pardubice CZE"]
[Date "2017.07.23"]
[Round "3.39"]
[White "Matta, Vinay Kumar"]
[Black "Pavlov, Sergey2"]
[Result "0-1"]
[WhiteTitle "FM"]
[BlackTitle "IM"]
[WhiteElo "2326"]
[BlackElo "2467"]
[WhiteFideId "5016649"]
[BlackFideId "14114330"]
[EventDate "2017.07.21"]

1. e4 c5 2. Nf3 e6 3. d4 cxd4 4. Nxd4 Nf6 5. Nc3 Nc6 6. Ndb5 d6 7. Bf4 e5 8. Bg5
a6 9. Na3 b5 10. Nd5 Be7 11. Bxf6 Bxf6 12. c4 Nd4 13. Nc2 Bg4 14. Nxf6+ Qxf6 15.
Qd2 Nxc2+ 16. Qxc2 Rc8 17. b3 O-O 18. Qd2 Rfd8 19. Rc1 Be6 20. cxb5 Rxc1+ 21.
Qxc1 axb5 22. Qe3 b4 23. Bd3 d5 24. exd5 Bxd5 25. O-O g6 26. Re1 Qc6 27. Qxe5
Bxg2 28. Bc4 Rf8 29. f4 Bh3 30. Bd5 Qd7 31. Kf2 Rd8 32. Qg5 Bf5 33. Bc4 Qa7+ 34.
Kf3 Qa8+ 35. Kg3 Rd2 36. Re2 Rd1 37. Kh4 Qf3 38. Bxf7+ Kg7 0-1

[Event "28th Czech Open A 2017"]
[Site "Pardubice CZE"]
[Date "2017.07.23"]
[Round "3.40"]
[White "Paszewski, Mateusz"]
[Black "Malakhov, Igor"]
[Result "1/2-1/2"]
[WhiteTitle "FM"]
[BlackTitle "IM"]
[WhiteElo "2323"]
[BlackElo "2454"]
[WhiteFideId "1141058"]
[BlackFideId "4183088"]
[EventDate "2017.07.21"]

1. e4 c5 2. Nf3 e6 3. d4 cxd4 4. Nxd4 Qb6 5. Nb3 Nc6 6. Bd3 Nf6 7. Qe2 d5 8.
N1d2 dxe4 9. Nxe4 Be7 10. O-O O-O 11. Nxf6+ Bxf6 12. c3 Rd8 13. Rd1 Bd7 14. Bf4
Be8 15. Rd2 Ne7 16. Be5 Bg5 17. Rdd1 Ng6 18. Bd4 Qc7 19. g3 e5 20. Be3 Be7 21.
Be4 a5 22. Nd2 Rac8 23. Nf3 b5 24. Rxd8 Rxd8 25. Rd1 f6 26. Rxd8 Qxd8 27. Qd2
Bf7 28. a3 Qc7 1/2-1/2

[Event "28th Czech Open A 2017"]
[Site "Pardubice CZE"]
[Date "2017.07.23"]
[Round "3.41"]
[White "Lerch, Philipp"]
[Black "Lugovskoy, Maxim"]
[Result "1-0"]
[WhiteTitle "FM"]
[BlackTitle "GM"]
[WhiteElo "2320"]
[BlackElo "2453"]
[WhiteFideId "4654129"]
[BlackFideId "24126454"]
[EventDate "2017.07.21"]

1. Nf3 d5 2. g3 Nc6 3. d4 Bg4 4. Bg2 Qd7 5. O-O O-O-O 6. c4 dxc4 7. Qa4 Kb8 8.
Qxc4 Bxf3 9. exf3 Nxd4 10. Nc3 Qe6 11. Qa4 Qd7 12. Qc4 Qe6 13. Qa4 Qc6 14. Qa5
e6 15. f4 Qc5 16. Qa4 Qb4 17. Qd1 Be7 18. Bd2 Qb6 19. b4 Nf6 20. Rb1 Qa6 21. Be3
Qc4 22. Bxd4 Rxd4 23. Qf3 c6 24. Nd1 Qb5 25. a4 Qh5 26. Qc3 Rhd8 27. Ne3 Rd3 28.
Qc1 Nd5 29. Nxd5 cxd5 30. Qc2 Rd4 31. Rfc1 Rc4 32. Qd2 Rdc8 33. Rxc4 Rxc4 34.
Bf1 Rc8 35. a5 Qf5 36. Bd3 Qf6 37. a6 Qc3 38. Qe2 b6 39. b5 Bf6 40. Rd1 g6 41.
Kg2 Qb4 42. Rb1 Qa3 43. Rd1 Rc3 44. Rd2 h5 45. h4 Qc5 46. Bxg6 fxg6 47. Qxe6 Qe7
48. Qxd5 Rc8 49. Re2 Rd8 50. Qc6 Qf7 51. Re6 Bd4 52. Rd6 Rc8 53. Qf3 Bc5 54.
Rxg6 Bxf2 55. Rf6 Qd7 56. Rd6 Qg7 57. Kxf2 Qb2+ 58. Kg1 Qg7 59. Rd2 Rc3 60. Rd8+ 1-0

[Event "28th Czech Open A 2017"]
[Site "Pardubice CZE"]
[Date "2017.07.23"]
[Round "3.42"]
[White "Nagy, Gabor1"]
[Black "Badelka, Olga"]
[Result "1-0"]
[WhiteTitle "IM"]
[WhiteElo "2452"]
[BlackElo "2309"]
[WhiteFideId "737119"]
[BlackFideId "13509926"]
[EventDate "2017.07.21"]

1. Nf3 d5 2. c4 dxc4 3. e4 Nf6 4. Bxc4 e6 5. Nc3 a6 6. d4 b5 7. Bd3 c5 8. dxc5
Bxc5 9. O-O Bb7 10. Qe2 Nbd7 11. Bg5 h6 12. Bh4 b4 13. Na4 Be7 14. Rad1 O-O 15.
Bc2 Rc8 16. Ne5 Qe8 17. Nc4 Bc6 18. b3 Bb5 19. Bd3 Bxa4 20. bxa4 Rc5 21. Rfe1
Ne5 22. Nxe5 Rxe5 23. Bc2 Qc6 24. f4 Rc5 25. Bb3 Qb7 26. Bf2 Ra5 27. Kh1 Bc5 28.
Bh4 Be7 29. Rd3 Nh5 30. Qf2 Bxh4 31. Qxh4 Nf6 32. e5 Ne8 33. Rc1 Qe4 34. Rdd1
Qe3 35. Re1 Qd4 36. Rc4 Qd2 37. Rd1 Qe2 38. Rcd4 Rc5 39. Qe7 Rc3 40. Qxb4 Re3
41. Kg1 Nc7 42. R4d2 Qg4 43. Qc5 Rxb3 44. axb3 Nd5 45. g3 h5 46. Qf2 h4 47. Rc1
hxg3 48. hxg3 Rb8 49. Rd3 Qg6 50. f5 Qg5 51. Rf1 Rb4 52. fxe6 fxe6 53. Qf7+ Kh7
54. Kg2 Rh4 55. Qxe6 Nf4+ 56. Rxf4 Rxf4 57. Qh3+ Kg8 58. Qc8+ Kh7 59. Rd8 Rf8
60. Rxf8 Qd2+ 61. Rf2 Qd5+ 62. Kh2 1-0

[Event "28th Czech Open A 2017"]
[Site "Pardubice CZE"]
[Date "2017.07.23"]
[Round "3.43"]
[White "Garakov, Mikhael"]
[Black "Mertanen, Janne"]
[Result "1-0"]
[WhiteTitle "IM"]
[BlackTitle "FM"]
[WhiteElo "2447"]
[BlackElo "2302"]
[WhiteFideId "4169034"]
[BlackFideId "501875"]
[EventDate "2017.07.21"]

1. e4 e5 2. Nf3 Nc6 3. Bb5 g6 4. O-O Bg7 5. c3 a6 6. Ba4 Nge7 7. d4 exd4 8. cxd4
b5 9. Bb3 d6 10. h3 O-O 11. a4 Bb7 12. a5 Nb4 13. Bd2 c5 14. Bxb4 cxb4 15. Qe1
Nc6 16. Bd5 Re8 17. Qd2 Nxa5 18. Bxb7 Nxb7 19. Qxb4 Rxe4 20. Nc3 Rf4 21. Rfe1
Nc5 22. Re3 Ne6 23. Ne2 Rf5 24. Ng3 Rxf3 25. gxf3 Nxd4 26. Rae1 Qd7 27. Qd2 Be5
28. Rd3 Nc6 29. f4 Bg7 30. Rxd6 1-0

[Event "28th Czech Open A 2017"]
[Site "Pardubice CZE"]
[Date "2017.07.23"]
[Round "3.44"]
[White "Solonar, Stefan"]
[Black "Jansa, Vlastimil"]
[Result "1/2-1/2"]
[WhiteTitle "IM"]
[BlackTitle "GM"]
[WhiteElo "2321"]
[BlackElo "2446"]
[WhiteFideId "13900056"]
[BlackFideId "300128"]
[EventDate "2017.07.21"]

1. Nf3 Nf6 2. c4 g6 3. Nc3 d5 4. Qa4+ Bd7 5. Qb3 dxc4 6. Qxc4 Bg7 7. e4 O-O 8.
d4 b5 9. Nxb5 Nxe4 10. Qxc7 Nc6 11. Bd3 Nd6 12. Qxd8 Raxd8 13. Nxd6 exd6 14. Be3
Bg4 15. O-O Bxf3 16. gxf3 Nxd4 17. Bxd4 Bxd4 18. Rab1 Rb8 19. b3 d5 20. Rbc1
Rfc8 21. Ba6 Rxc1 22. Rxc1 Rb6 23. Bf1 Rf6 24. Rd1 Rf4 25. Bb5 Bb6 26. Rxd5 Rxf3 1/2-1/2

[Event "28th Czech Open A 2017"]
[Site "Pardubice CZE"]
[Date "2017.07.23"]
[Round "3.45"]
[White "Sundararajan, Kidambi"]
[Black "Rahul, Srivatshav P"]
[Result "1/2-1/2"]
[WhiteTitle "GM"]
[WhiteElo "2444"]
[BlackElo "2295"]
[WhiteFideId "5005370"]
[BlackFideId "25059653"]
[EventDate "2017.07.21"]

1. d4 Nf6 2. c4 g6 3. Nc3 Bg7 4. e4 d6 5. h3 O-O 6. Be3 e5 7. d5 a5 8. c5 Ne8 9.
Nf3 dxc5 10. Bxc5 Nd6 11. Be2 f5 12. O-O Na6 13. Bxa6 Rxa6 14. Re1 f4 15. a4 Rf7
16. Nb5 Ne8 17. Rc1 Bf6 18. Qb3 g5 19. d6 cxd6 20. Red1 Kg7 21. Bxd6 Nxd6 22.
Rxc8 Qxc8 23. Nxd6 Rxd6 24. Rxd6 h5 25. Qe6 Qxe6 26. Rxe6 Rc7 27. Nxe5 Rc1+ 28.
Kh2 Rc2 29. Nd3 Bxb2 30. Nxb2 1/2-1/2

[Event "28th Czech Open A 2017"]
[Site "Pardubice CZE"]
[Date "2017.07.23"]
[Round "3.46"]
[White "Sadhwani, Raunak"]
[Black "Neuman, Petr"]
[Result "1/2-1/2"]
[WhiteTitle "FM"]
[BlackTitle "GM"]
[WhiteElo "2314"]
[BlackElo "2442"]
[WhiteFideId "35093487"]
[BlackFideId "305243"]
[EventDate "2017.07.21"]

1. e4 c5 2. Nf3 a6 3. c3 e6 4. d4 d5 5. exd5 exd5 6. dxc5 Bxc5 7. Nbd2 Ne7 8.
Bd3 Nbc6 9. O-O Bg4 10. h3 Bh5 11. Re1 Qb6 12. Qe2 Qc7 13. Nf1 Bd6 14. Bc2 1/2-1/2

[Event "28th Czech Open A 2017"]
[Site "Pardubice CZE"]
[Date "2017.07.23"]
[Round "3.47"]
[White "Belous, Mikhail"]
[Black "Biolek, Richard Jr."]
[Result "1/2-1/2"]
[WhiteTitle "FM"]
[BlackTitle "IM"]
[WhiteElo "2313"]
[BlackElo "2437"]
[WhiteFideId "14127555"]
[BlackFideId "319996"]
[EventDate "2017.07.21"]

1. d4 Nf6 2. c4 e6 3. Nf3 d5 4. g3 Bb4+ 5. Bd2 Be7 6. Bg2 O-O 7. O-O c6 8. Qc2
Nbd7 9. Rd1 b6 10. Be1 Ba6 11. Nbd2 Rc8 12. Rac1 Qc7 13. e4 dxc4 14. Nxc4 Bxc4
15. Qxc4 Nxe4 16. Ne5 Nxe5 17. dxe5 Nc5 18. b4 Nd7 19. f4 c5 20. Bf2 Rfd8 21.
Rd2 Qb8 22. Qa6 Rc7 23. Rdc2 Rdc8 24. a4 Bd8 25. Qd3 Be7 26. Be4 g6 27. Qb5 Kg7
28. Be3 h5 29. h3 Rd8 30. Kg2 Qc8 31. Qe2 1/2-1/2

[Event "28th Czech Open A 2017"]
[Site "Pardubice CZE"]
[Date "2017.07.23"]
[Round "3.48"]
[White "Horvath, Dominik"]
[Black "Kazakovskiy, Valeriy"]
[Result "1/2-1/2"]
[WhiteTitle "FM"]
[BlackTitle "IM"]
[WhiteElo "2310"]
[BlackElo "2433"]
[WhiteFideId "1642561"]
[BlackFideId "13507443"]
[EventDate "2017.07.21"]

1. Nf3 Nf6 2. c4 e6 3. g3 a6 4. Bg2 b5 5. b3 Bb7 6. Nc3 b4 7. Na4 d6 8. d4 Nbd7
9. Bb2 Be7 10. O-O O-O 11. a3 a5 12. axb4 axb4 13. Ne1 Qb8 14. Nd3 Rd8 15. Qd2
Bxg2 16. Kxg2 c5 17. dxc5 dxc5 18. Qe3 Qc7 19. Rad1 Rac8 20. f3 Qc6 21. Qc1 Bd6
22. Qd2 Ne8 23. Qe3 Qc7 24. f4 Be7 25. Qf3 f5 26. e4 Nef6 27. Nf2 Nb8 28. g4
Nxe4 29. Nxe4 fxe4 30. Qxe4 Qc6 31. Kf3 Qxe4+ 32. Kxe4 Nc6 33. Nb6 Rb8 34. Nd7
Ra8 35. f5 Ra2 36. f6 gxf6 37. Bxf6 Bxf6 38. Nxf6+ Kf7 39. Nxh7+ Kg7 40. Rxd8
Nxd8 41. Nf8 Re2+ 42. Kd3 Rxh2 43. Nd7 Nb7 44. Ra1 Rh3+ 45. Kc2 Rh2+ 46. Kd3
Rh3+ 47. Kc2 Rh2+ 1/2-1/2

[Event "28th Czech Open A 2017"]
[Site "Pardubice CZE"]
[Date "2017.07.23"]
[Round "3.49"]
[White "Zhurov, Sergey"]
[Black "Haba, Petr"]
[Result "0-1"]
[BlackTitle "GM"]
[WhiteElo "2297"]
[BlackElo "2432"]
[WhiteFideId "4105788"]
[BlackFideId "300160"]
[EventDate "2017.07.21"]

1. e4 e6 2. d4 d5 3. e5 c5 4. c3 Nc6 5. Nf3 Bd7 6. Be2 Nge7 7. Na3 cxd4 8. cxd4
Nf5 9. Nc2 Qb6 10. O-O Na5 11. g4 Ne7 12. Nfe1 Bb5 13. Nd3 h5 14. gxh5 Nf5 15.
Be3 Nc6 16. Kh1 O-O-O 17. Qd2 Kb8 18. a4 Bxd3 19. Qxd3 g6 20. b4 Rc8 21. a5 Qd8
22. Ra4 Qh4 23. b5 Nxe5 24. dxe5 Qxa4 25. Nd4 Nxd4 26. Qxd4 Qxd4 27. Bxd4 gxh5
28. Rg1 Bc5 29. Bxc5 Rxc5 30. Rg5 d4 31. f4 Rd8 32. Rg3 h4 33. Rb3 Rc3 34. Rb1
d3 0-1